Leninism and revoluton: reply to critics (Record no. 509256)
[ view plain ]
| 000 -LEADER | |
|---|---|
| fixed length control field | 00253nam a22000977a 4500 |
| 082 ## - DEWEY DECIMAL CLASSIFICATION NUMBER | |
| Classification number | B235 |
| 100 ## - MAIN ENTRY--PERSONAL NAME | |
| Personal name | Krasin, Y.A. |
| 9 (RLIN) | 4867 |
| 245 ## - TITLE STATEMENT | |
| Title | Leninism and revoluton: reply to critics |
| Statement of responsibility, etc | by Y.A. Krasin |
| 260 ## - PUBLICATION, DISTRIBUTION, ETC. (IMPRINT) | |
| Place of publication, distribution, etc | Moscow |
| Name of publisher, distributor, etc | Novosti Press Agency |
| 300 ## - PHYSICAL DESCRIPTION | |
| Extent | 92p. |
No items available.
